| 000 | 01383pam a2200361 a 4500 | ||
|---|---|---|---|
| 001 | 15088071 | ||
| 003 | OSt | ||
| 005 | 20170105102902.0 | ||
| 008 | 071120s2007 enka b 000 0 eng | ||
| 010 | _a 2007701480 | ||
| 020 | _a9780415438834 (pbk.) | ||
| 020 | _a0415438837 (pbk.) | ||
| 035 | _a(OCoLC)ocn166379305 | ||
| 040 |
_aUKM _cUKM _dBTCTA _dBAKER _dJ2H _dDLC |
||
| 042 | _alccopycat | ||
| 043 | _aa-af--- | ||
| 050 | 0 | 0 |
_aUA853.A3 _bH63 2007 |
| 082 | 0 | 4 |
_a355.0330581 _222 _bHOD 2007 |
| 100 | 1 | _aHodes, Cyrus. | |
| 245 | 1 | 4 |
_aThe search for security in post-Taliban Afghanistan / _cCyrus Hodes and Mark Sedra. |
| 260 |
_aAbingdon : _bRoutledge for the International Institute for Strategic Studies, _cc2007. |
||
| 300 |
_a118 p. : _bill. ; _c24 cm. |
||
| 440 | 0 |
_aAdelphi papers ; _v391 |
|
| 504 | _aIncludes bibliographical references. | ||
| 650 | 0 |
_aNational security _zAfghanistan. |
|
| 651 | 0 |
_aAfghanistan _xPolitics and government _y2001- |
|
| 700 | 1 | _aSedra, Mark. | |
| 856 | 4 | 2 |
_3Publisher description _uhttp://www.loc.gov/catdir/enhancements/fy0808/2007701480-d.html |
| 856 | 4 | 1 |
_3Table of contents only _uhttp://www.loc.gov/catdir/toc/fy0805/2007701480.html |
| 906 |
_a7 _bcbc _ccopycat _d3 _encip _f20 _gy-gencatlg |
||
| 942 |
_2ddc _cBK |
||
| 999 |
_c14705 _d14705 |
||